000 00909nam a22002657i 4500
003 URS
005 20240520192841.0
008 170404b xxu||||| |||| 00| 0 eng d
020 _a9710388974
040 _erda
_cURS
_bEnglish
050 _aP95
_b.M528 2010
100 _aMenoy, Jesus Z.,
_eauthor.
245 _aOral communication and public speaking :
_ba practical approach /
_cJesus Z. Menoy.
264 1 _aMandaluyong City :
_bBooks Atbp. Publishing Corporation,
_c©2010.
300 _axvi, 276 pages :
_billustrations ;
_c22 cm.
336 _atext
_btxt
_2rdacontent
337 _aunmediated
_bn
_2rdamedia
338 _avolume
_bnc
_2rdacarrier
504 _aIncludes bibliographical references.
650 0 _aOral communication.
650 0 _aOral communication
_vProblems, exercises, etc.
650 0 _aPublic speaking.
650 0 _aPublic speaking
_vProblems, exercises, etc.
942 _2lcc
_cF
999 _c10247
_d10247